Normal view
MARC view
- Polak, Jacek.
Entry Personal Name
001 - CONTROL NUMBER
- control field: 4142
003 - CONTROL NUMBER IDENTIFIER
- control field: OSt
005 - DATE AND TIME OF LATEST TRANSACTION
- control field: 20190523110132.0
008 - FIXED-LENGTH DATA ELEMENTS
- fixed length control field: 190523|| aca||aabn | a|a d
040 ## - CATALOGING SOURCE
- Original cataloging agency: OSt
- Transcribing agency: OSt
100 ## - HEADING--PERSONAL NAME
- Personal name: Polak, Jacek.
670 ## - SOURCE DATA FOUND
- Source citation: Work cat.: (OSt): Food Biotechnology, 2014
